UBT Library

God's Fury, England's Fire A New History of the English Civil Wars (Record no. 57457)

000 -LEADER
fixed length control field 00355nam a22001457a 4500
008 - FIXED-LENGTH DATA ELEMENTS--GENERAL INFORMATION
fixed length control field 210519b ||||| |||| 00| 0 eng d
020 ## - INTERNATIONAL STANDARD BOOK NUMBER
International Standard Book Number 9780141008974
041 ## - LANGUAGE CODE
Language code of text/sound track or separate title eng
080 ## - UNIVERSAL DECIMAL CLASSIFICATION NUMBER
Universal Decimal Classification number 94
082 ## - DEWEY DECIMAL CLASSIFICATION NUMBER
Classification number 94
100 ## - Rafti
Rafti 16
101 ## - Shkurtesa
Shkurtesa SHH
245 ## - TITLE STATEMENT
Title God's Fury, England's Fire A New History of the English Civil Wars
Statement of responsibility, etc Braddick,M
942 ## - ADDED ENTRY ELEMENTS (KOHA)
Source of classification or shelving scheme
Item type Books
Holdings
Withdrawn status Lost status Source of classification or shelving scheme Damaged status Not for loan Collection code Permanent location Current location Shelving location Date acquired Total Checkouts Full call number Barcode Date last seen Price effective from Koha item type
          Koleksioni i përgjithshem UBT - Lipjan UBT - Lipjan Koleksioni i përgjithshem 05/19/2021   94 BRA 002-6000027 05/19/2021 05/19/2021 Books
UBT Library © 2015-2024. All rights reserved University Education for Business and Technology